000
00327nam a22001457a 4500
999
_c
54930
_d
54930
008
190925b ||||| |||| 00| 0 eng d
020
_a
9780073025827
041
_a
eng
080
_a
615.83
082
_a
615.83
100
_a
8
101
_a
EGZ
245
_a
Therapeutic Massage and Bodywork
_c
Saeger,J,L
942
_2
udc
_c
BK